Statistiken für Millionenstädte Brasiliens

Klicken Sie hier um das Quiz zu spielen!

Allgemein

  • Dieses Quiz wurde 13 mal gespielt
  • Das Durchschnittsergebnis liegt bei 7 aus 17

Antwortstatistiken

EinwohnerzahlStadt% Korrekt
2.988.440Brasília
100%
6.775.560Rio de Janeiro
100%
12.284.940São Paulo
100%
1.661.020Recife
67%
2.530.700Belo Horizonte
58%
2.244.470Manaus
58%
1.963.730Curitiba
42%
2.899.520Salvador
42%
2.703.390Fortaleza
33%
1.492.530Porto Alegre
33%
1.493.530Belém
25%
1.202.200Campinas
17%
1.549.740Goiânia
17%
1.054.010São Luís
17%
1.404.690Guarulhos
8%
1.097.560São Gonçalo
8%
1.030.910Maceió
0%

Verteilung der Resultate

Perzentil nach korrekt beantworteten Fragen

Anzahl Personen mit jedem Resultat

Ihre Resultats-Entwicklung

Sie haben dieses Quiz noch nicht gespielt